[Event "2nd League CS-East 2011"]
[Site "?"]
[Date "2011.09.11"]
[Round "1.2"]
[White "Panic, Milan"]
[Black "Komnenic, Branko"]
[Result "0-1"]
[WhiteElo "2265"]
[BlackElo "2298"]
[PlyCount "77"]
[EventDate "2011.09.11"]

1. e4 c5 2. Nf3 d6 3. d4 cxd4 4. Nxd4 Nf6 5. Nc3 a6 6. Be3 e6 7. g4 h6 8. h3
Nc6 9. Bg2 Qc7 10. Qe2 Bd7 11. O-O-O O-O-O 12. f4 e5 13. Nxc6 Bxc6 14. Qf2 Nd7
15. fxe5 Nxe5 16. Bb6 Qd7 17. Bxd8 Qxd8 18. Qa7 Be7 19. Kb1 Qc7 20. h4 Qb8 21.
Qf2 Qc7 22. g5 Kb8 23. Qg3 h5 24. Rd4 f6 25. Rhd1 fxg5 26. hxg5 g6 27. Bh3 Nf7
28. Be6 Nxg5 29. e5 dxe5 30. Rd7 Nxe6 31. Rxc7 Nxc7 32. Qxg6 h4 33. Qg7 Re8 34.
Re1 h3 35. Qh7 Bg2 36. a3 Bg5 37. Ne4 Bf4 38. Nf2 Bg3 39. Re2 0-1

[Event "2nd League CS-East 2011"]
[Site "?"]
[Date "2011.09.11"]
[Round "1.2"]
[White "Popovic, Djordje D"]
[Black "Kalcic, Krsta"]
[Result "1-0"]
[WhiteElo "2261"]
[BlackElo "2238"]
[PlyCount "105"]
[EventDate "2011.09.11"]

1. e4 c5 2. Nf3 Nc6 3. d4 cxd4 4. Nxd4 Nf6 5. Nc3 e5 6. Ndb5 d6 7. Bg5 a6 8.
Na3 b5 9. Bxf6 gxf6 10. Nd5 Bg7 11. c3 f5 12. Bd3 Ne7 13. Nxe7 Qxe7 14. O-O Rb8
15. Nc2 d5 16. exd5 e4 17. Nb4 Rb6 18. Re1 Bd7 19. a4 Be5 20. g3 a5 21. Nc6
Bxc6 22. dxc6 exd3 23. axb5 O-O 24. Qxd3 Qc5 25. Rxa5 Bf6 26. Qe3 Rxc6 27. bxc6
Qxa5 28. Qh6 Bg7 29. Qd6 Qd8 30. Qc5 Qd2 31. Re3 Qxb2 32. Qxf5 Bxc3 33. c7 Qc1+
34. Kg2 Bg7 35. Re7 Qc6+ 36. f3 Qc4 37. Qd7 Qa2+ 38. Kh3 Qc4 39. Re8 Qf1+ 40.
Kh4 Bf6+ 41. Kg4 h5+ 42. Kf4 Qc1+ 43. Kf5 Qc2+ 44. Kxf6 Qg6+ 45. Ke7 Qg5+ 46.
Kd6 Qf6+ 47. Kc5 Qc3+ 48. Kb6 Qb4+ 49. Ka7 Qa5+ 50. Kb7 Qb4+ 51. Kc8 Qa5 52.
Rxf8+ Kxf8 53. Qd6+ 1-0

[Event "2nd League CS-East 2011"]
[Site "?"]
[Date "2011.09.11"]
[Round "1.2"]
[White "Rajkovic, Branislav"]
[Black "Stefanovic, Vladimir"]
[Result "1-0"]
[WhiteElo "2172"]
[BlackElo "2204"]
[PlyCount "88"]
[EventDate "2011.09.11"]

1. e4 c5 2. Nf3 Nc6 3. d4 cxd4 4. Nxd4 g6 5. Be3 Bg7 6. Nc3 Nf6 7. f3 O-O 8.
Qd2 d5 9. O-O-O dxe4 10. Qf2 Nxd4 11. Bxd4 Qa5 12. Bc4 exf3 13. gxf3 Qc7 14.
Bb3 a6 15. h4 h5 16. Rhe1 Bf5 17. Bb6 Qf4+ 18. Be3 Qb8 19. Bc5 Qf4+ 20. Be3 Qb8
21. Bc5 e6 22. Bd6 Qc8 23. Bxf8 Bxf8 24. Ne4 Nxe4 25. fxe4 Bg4 26. Rd3 Qc7 27.
Rf1 Bg7 28. c3 b5 29. Qd2 Ra7 30. Kb1 Qe5 31. Rd7 Rxd7 32. Qxd7 Bf6 33. Qb7 Kg7
34. a4 Be2 35. Re1 Bd3+ 36. Ka2 Bxh4 37. Re3 bxa4 38. Bxa4 Bc4+ 39. Bb3 Qa5+
40. Kb1 Qc5 41. Rf3 Bf6 42. Bxc4 Qxc4 43. e5 Bxe5 44. Qxf7+ Kh6 1-0

[Event "2nd League CS-East 2011"]
[Site "?"]
[Date "2011.09.11"]
[Round "1.2"]
[White "Stojanovic, Dusan"]
[Black "Blagojevic, Nikola"]
[Result "1-0"]
[WhiteElo "2166"]
[BlackElo "1597"]
[PlyCount "45"]
[EventDate "2011.09.11"]

1. c4 c5 2. Nc3 Nf6 3. e4 Nc6 4. g3 g6 5. Bg2 Bg7 6. Nge2 d6 7. h3 O-O 8. O-O
a6 9. f4 e5 10. f5 Nd4 11. g4 Rb8 12. Ng3 b5 13. g5 Nd7 14. f6 Bxf6 15. gxf6
Nxf6 16. d3 Be6 17. Bg5 Kg7 18. Bxf6+ Qxf6 19. Rxf6 Kxf6 20. b3 bxc4 21. dxc4
a5 22. Nf1 h5 23. Ne3 1-0

[Event "2nd League CS-East 2011"]
[Site "?"]
[Date "2011.09.11"]
[Round "1.2"]
[White "Ivanovic, Zoran M"]
[Black "Stojanovic, Ivan"]
[Result "1-0"]
[WhiteElo "2104"]
[BlackElo "2132"]
[PlyCount "59"]
[EventDate "2011.09.11"]

1. e4 c5 2. Nf3 d6 3. d4 cxd4 4. Nxd4 Nf6 5. Nc3 a6 6. Bc4 e6 7. Bb3 Be7 8. Be3
Qc7 9. f4 Nc6 10. Qf3 Bd7 11. O-O-O Na5 12. f5 e5 13. Nde2 Nxb3+ 14. cxb3 Bc6
15. Kb1 b5 16. g4 Rc8 17. Ng3 h6 18. h4 Nd7 19. g5 hxg5 20. hxg5 Rg8 21. Rc1
Qb7 22. Rhd1 a5 23. Nd5 Bd8 24. Qh5 Bxd5 25. Rxd5 Rxc1+ 26. Bxc1 Qc6 27. g6 f6
28. Qh7 Kf8 29. Nh5 Nb6 30. Nxg7 1-0

[Event "2nd League CS-East 2011"]
[Site "?"]
[Date "2011.09.11"]
[Round "1.3"]
[White "Dinic, Dragan"]
[Black "Devetak, Dusan"]
[Result "1-0"]
[WhiteElo "2290"]
[BlackElo "2204"]
[PlyCount "79"]
[EventDate "2011.09.11"]

1. e4 d6 2. d4 Nf6 3. Nc3 g6 4. Bg5 Bg7 5. e5 Nfd7 6. e6 fxe6 7. Nf3 c5 8. Be2
Qb6 9. Nb5 a6 10. Na3 cxd4 11. Nc4 Qc5 12. O-O d5 13. b4 Qa7 14. Ncd2 Nc6 15.
Rb1 b5 16. Nb3 e5 17. c3 O-O 18. cxd4 e4 19. Ne1 e6 20. Nc2 Nf6 21. Nc5 h6 22.
Be3 Qe7 23. a4 bxa4 24. Nxa4 Nd7 25. Qd2 Kh7 26. Nc5 e5 27. Rfd1 Nxc5 28. bxc5
exd4 29. Nxd4 Ne5 30. Rb6 Bg4 31. Rdb1 Bxe2 32. Qxe2 Nc4 33. Rb7 Qe5 34. Nc6
Qe6 35. Nd4 Qf6 36. h3 Rf7 37. c6 Rc8 38. Qa2 Nxe3 39. fxe3 Rfc7 40. Qxd5 1-0

[Event "2nd League CS-East 2011"]
[Site "?"]
[Date "2011.09.11"]
[Round "1.3"]
[White "Dodic, Dragan"]
[Black "Milenkovic, Blagoje"]
[Result "1-0"]
[WhiteElo "2136"]
[BlackElo "2121"]
[PlyCount "93"]
[EventDate "2011.09.11"]

1. d4 d5 2. c4 e6 3. Nc3 Nf6 4. Nf3 Be7 5. Bg5 h6 6. Bh4 b6 7. e3 O-O 8. Bd3
Ba6 9. cxd5 Bxd3 10. Qxd3 Nxd5 11. Bg3 Nxc3 12. Qxc3 c5 13. dxc5 Bxc5 14. Rd1
Qe7 15. a3 a5 16. Ne5 Rd8 17. O-O Rxd1 18. Rxd1 f6 19. Ng6 Qe8 20. Nf4 Nc6 21.
Qc4 Rd8 22. Rb1 Kf7 23. Nd3 Bd6 24. Rc1 Bxg3 25. hxg3 Rd6 26. Qa6 Ne7 27. Nf4
Qd7 28. Kh2 g5 29. Nh3 Rc6 30. Rxc6 Qxc6 31. Qd3 Ng6 32. Qb3 Ne5 33. f3 a4 34.
Qd1 Qd7 35. Qc2 Kg7 36. Nf2 b5 37. Ne4 Nc4 38. Qc3 e5 39. g4 Qe7 40. Ng3 Nd6
41. Qc5 Kf7 42. e4 Qe6 43. Qb6 Qd7 44. Nh5 Ne8 45. Qc5 Nd6 46. Qb4 Ne8 47. Ng3
1-0

[Event "2nd League CS-East 2011"]
[Site "?"]
[Date "2011.09.11"]
[Round "1.3"]
[White "Grujic, Nebojsa"]
[Black "Vlajic, Sasa"]
[Result "1-0"]
[WhiteElo "2164"]
[BlackElo "2182"]
[PlyCount "65"]
[EventDate "2011.09.11"]

1. d4 Nf6 2. c4 c5 3. d5 b5 4. cxb5 a6 5. b6 d6 6. Nc3 Nbd7 7. a4 Qxb6 8. a5
Qc7 9. e4 g6 10. f4 Bg7 11. Bc4 O-O 12. Nf3 Bb7 13. O-O Rfe8 14. Qd3 Reb8 15.
Ra2 Bc8 16. b3 Ng4 17. Bb2 Qa7 18. Ne2 Bxb2 19. Rxb2 Qc7 20. Ra2 Rb4 21. h3
Ngf6 22. g4 Nf8 23. e5 Ne8 24. Ng3 e6 25. f5 dxe5 26. dxe6 fxe6 27. Ng5 Nd6 28.
fxg6 Nxg6 29. Nh5 Nf4 30. Nxf4 exf4 31. Rxf4 Qe7 32. Raf2 Qxg5 33. Qxd6 1-0

[Event "2nd League CS-East 2011"]
[Site "?"]
[Date "2011.09.11"]
[Round "1.3"]
[White "Mijovic, Cedomir"]
[Black "Floricelovic, Milos"]
[Result "1/2-1/2"]
[WhiteElo "1961"]
[BlackElo "2067"]
[PlyCount "64"]
[EventDate "2011.09.11"]

1. d4 d5 2. c4 e6 3. e3 f5 4. Nf3 Nf6 5. Nbd2 c6 6. Bd3 Bd6 7. Qc2 Ne4 8. b3
Na6 9. a3 Nc7 10. Bb2 O-O 11. c5 Be7 12. Ne5 Nxd2 13. Qxd2 Bf6 14. f4 Bxe5 15.
dxe5 b6 16. Bd4 Na6 17. b4 Rb8 18. O-O Qe7 19. Rfc1 b5 20. h3 Nc7 21. a4 a6 22.
Kh2 bxa4 23. Rxa4 Nb5 24. Rg1 h5 25. Qf2 Kf7 26. Be2 Rh8 27. h4 g6 28. Rga1 Rd8
29. Kh3 Rd7 30. Qe1 Ra7 31. R1a2 Kg7 32. g3 Kh6 1/2-1/2

[Event "2nd League CS-East 2011"]
[Site "?"]
[Date "2011.09.11"]
[Round "1.3"]
[White "Dragic, Vladimir"]
[Black "Stanojlovic, Vladimir"]
[Result "1-0"]
[WhiteElo "2161"]
[BlackElo "2110"]
[PlyCount "99"]
[EventDate "2011.09.11"]

1. e4 c5 2. Nc3 Nc6 3. d3 g6 4. g4 Bg7 5. Bg2 d6 6. h3 Bd7 7. Nge2 e6 8. O-O a6
9. Ng3 Nge7 10. f4 Nd4 11. Nce2 h5 12. gxh5 gxh5 13. c3 h4 14. cxd4 hxg3 15.
dxc5 dxc5 16. Nxg3 Bb5 17. Nh5 Bd4+ 18. Kh1 Bxd3 19. Qxd3 Rxh5 20. Be3 Nc6 21.
Rad1 Qe7 22. Bxd4 Nxd4 23. b4 Rd8 24. bxc5 Qxc5 25. Rc1 Qa5 26. Qg3 Ne2 27. Qg7
Nxc1 28. Rxc1 Rc5 29. Qh8+ Kd7 30. Qd4+ Kc6 31. Rxc5+ Qxc5 32. Qxd8 Qc1+ 33.
Kh2 Qxf4+ 34. Kg1 Qc1+ 35. Kf2 Qb2+ 36. Kg3 Qe5+ 37. Kg4 f6 38. Qd2 b5 39. Qf4
Qb2 40. Kg3 Kd7 41. h4 Qxa2 42. h5 b4 43. h6 b3 44. h7 b2 45. h8=Q b1=Q 46.
Qg7+ Kc6 47. Qfc7+ Kb5 48. Qgd7+ Kb4 49. Qd4+ Kb3 50. Qcc3# 1-0

[Event "2nd League CS-East 2011"]
[Site "?"]
[Date "2011.09.11"]
[Round "1.4"]
[White "Petkovic, Dragoslav"]
[Black "Paunovic, Tomislav"]
[Result "1/2-1/2"]
[WhiteElo "2194"]
[BlackElo "2349"]
[PlyCount "23"]
[EventDate "2011.09.11"]

1. e4 c5 2. Nf3 d6 3. d3 Nc6 4. g3 g6 5. Bg2 Bg7 6. O-O Nf6 7. Re1 O-O 8. c3 e5
9. Nbd2 h6 10. a3 Be6 11. b4 a6 12. Bb2 1/2-1/2

[Event "2nd League CS-East 2011"]
[Site "?"]
[Date "2011.09.11"]
[Round "1.4"]
[White "Manic, Jovica"]
[Black "Puzic, Slobodan"]
[Result "1-0"]
[WhiteElo "2238"]
[BlackElo "2138"]
[PlyCount "103"]
[EventDate "2011.09.11"]

1. e4 c5 2. Nf3 Nc6 3. d4 cxd4 4. Nxd4 e5 5. Nb5 d6 6. N1c3 a6 7. Na3 Be6 8.
Nd5 Bxd5 9. exd5 Nb8 10. Nc4 Nd7 11. a4 Ngf6 12. a5 Be7 13. Be2 O-O 14. O-O Re8
15. Bg5 Rc8 16. Be3 Qc7 17. Qd2 Ne4 18. Qb4 f5 19. f3 Nef6 20. Rfd1 f4 21. Bf2
e4 22. Ra3 exf3 23. Rxf3 Bf8 24. Bf1 g5 25. g3 Ne4 26. Bd4 Ne5 27. Bxe5 dxe5
28. d6 Qc6 29. Qb3 Kg7 30. d7 Bc5+ 31. Kg2 g4 32. dxc8=Q Rxc8 33. Nxe5 gxf3+
34. Qxf3 Ng5 35. Nxc6 Nxf3 36. Kxf3 Rxc6 37. Rd7+ Kf6 38. Rxh7 Bd6 39. gxf4
Rxc2 40. Rxb7 Rxh2 41. Ke4 Rh4 42. Kd5 Bxf4 43. Rb6+ Ke7 44. Rxa6 Bc1 45. b3
Rh5+ 46. Kc4 Rh4+ 47. Kb5 Be3 48. Bc4 Rh8 49. Ka4 Bd2 50. b4 Rh4 51. Rc6 Kd7
52. b5 1-0

[Event "2nd League CS-East 2011"]
[Site "?"]
[Date "2011.09.11"]
[Round "1.4"]
[White "Susulic, Zivan"]
[Black "Todorovic, Bojan"]
[Result "1/2-1/2"]
[WhiteElo "2086"]
[BlackElo "2288"]
[PlyCount "25"]
[EventDate "2011.09.11"]

1. e4 e5 2. Nf3 Nc6 3. Bb5 Nd4 4. Nxd4 exd4 5. O-O Bc5 6. d3 c6 7. Bc4 d6 8. c3
Nf6 9. Nd2 O-O 10. h3 dxc3 11. bxc3 d5 12. exd5 Nxd5 13. Ne4 1/2-1/2

[Event "2nd League CS-East 2011"]
[Site "?"]
[Date "2011.09.11"]
[Round "1.4"]
[White "Nikolic, Vojislav B"]
[Black "Pejcic, Milutin"]
[Result "0-1"]
[WhiteElo "1962"]
[BlackElo "2120"]
[PlyCount "100"]
[EventDate "2011.09.11"]

1. e4 c5 2. Nf3 e6 3. d4 cxd4 4. Nxd4 Nc6 5. Nc3 Qc7 6. a3 Nf6 7. Be3 a6 8. Be2
Be7 9. Qd2 Rb8 10. O-O O-O 11. f4 d6 12. Bf3 Na5 13. Bf2 Nc4 14. Qc1 b5 15. e5
dxe5 16. Nc6 exf4 17. Nxb8 Qxb8 18. b3 Nb6 19. Ne4 Nxe4 20. Bxe4 f5 21. Bd3 e5
22. c4 e4 23. Be2 bxc4 24. bxc4 e3 25. Be1 Na4 26. Rb1 Qe5 27. Bb4 Nc5 28. Qb2
Qc7 29. Qd4 Ne6 30. Qd5 Rd8 31. Qa5 Qxa5 32. Bxa5 Re8 33. Bb4 Nd4 34. Bd3 g5
35. Bxe7 Rxe7 36. Rb8 Rc7 37. Rd1 Kg7 38. Kf1 Be6 39. Rd8 Nb3 40. Rd6 Nc5 41.
Be2 Kf7 42. h3 Ne4 43. Rxa6 Ng3+ 44. Ke1 Nxe2 45. Rxe6 Kxe6 46. Kxe2 Rxc4 47.
Ra1 Ra4 48. Kf3 Ke5 49. g3 fxg3 50. Kxg3 Ke4 0-1